100 Largest Muslim Cities on a Map - Statistics

General Stats
  • This quiz has been taken 76 times
  • The average score is 76 of 100
Answers on the Map
Answers color-coded by a green-red scale on the quiz's map according to % correct below.
 
Answer Stats
Pop. Country City % Correct
6.35 m 960px-Flag_of_Egypt.svg.png Alexandria
100%
23.20 m 960px-Flag_of_Egypt.svg.png Cairo
100%
4.50 m 960px-Flag_of_Morocco.svg.png Casablanca
100%
16.20 m 960px-Flag_of_Turkey.svg.png Istanbul
100%
29.80 m 960px-Flag_of_Indonesia.svg.png Jakarta
100%
4.40 m 960px-Flag_of_Algeria.svg.png Algiers
99%
7.40 m 1280px-Flag_of_Sudan.svg.png Khartoum
99%
17.20 m 960px-Flag_of_Iran.svg.png Tehran
99%
1.93 m 1280px-Flag_of_Libya.svg.png Tripoli
99%
5.25 m 960px-Flag_of_Turkey.svg.png Ankara
97%
8.00 m 960px-Flag_of_Iraq.svg.png Baghdad
97%
23.70 m 960px-Flag_of_Bangladesh.svg.png Dhaka
97%
6.65 m 960px-Flag_of_the_United_Arab_Emirates.svg.png Dubai
97%
3.40 m 960px-Flag_of_Yemen.svg.png Sana'a
97%
2.78 m 960px-Flag_of_Tunisia.svg.png Tunis
97%
1.96 m 960px-Flag_of_the_United_Arab_Emirates.svg.png Abu Dhabi
96%
6.30 m 1280px-Flag_of_Jordan.svg.png Amman
96%
1.67 m 960px-Flag_of_Kazakhstan.svg.png Astana
96%
4.05 m 960px-Flag_of_Syria_%282025-%29.svg.png Damascus
96%
5.45 m 960px-Flag_of_the_Taliban.svg.png Kabul
96%
9.75 m 960px-Flag_of_Malaysia.svg.png Kuala Lumpur
96%
4.83 m 1280px-Flag_of_Kuwait.svg.png Kuwait City
96%
15.00 m 960px-Flag_of_Pakistan.svg.png Lahore
96%
2.15 m 960px-Flag_of_Morocco.svg.png Rabat
96%
5.80 m 960px-Flag_of_Pakistan.svg.png Rawalpindi
96%
7.90 m 960px-Flag_of_Saudi_Arabia.svg.png Riyadh
96%
4.38 m 960px-Flag_of_Senegal.svg.png Dakar
94%
6.90 m 960px-Flag_of_Tanzania.svg.png Dar es Salaam
94%
2.70 m 960px-Flag_of_Qatar.svg.png Doha
94%
4.00 m 960px-Flag_of_Saudi_Arabia.svg.png Jeddah
94%
21.80 m 960px-Flag_of_Pakistan.svg.png Karachi
94%
2.78 m 960px-Flag_of_Saudi_Arabia.svg.png Mecca
94%
3.18 m 1280px-Flag_of_Nigeria.svg.png Abuja
93%
3.73 m 1280px-Flag_of_Azerbaijan.svg.png Baku
93%
5.95 m 960px-Flag_of_Mali.svg.png Bamako
93%
1.56 m 960px-Flag_of_Saudi_Arabia.svg.png Medina
91%
2.33 m 960px-Flag_of_Somalia.svg.png Mogadishu
91%
4.08 m 960px-Flag_of_Uzbekistan.svg.png Tashkent
91%
1.99 m 960px-Flag_of_Palestine.svg.png Gaza
90%
3.03 m 960px-Flag_of_Turkey.svg.png Izmir
90%
1.70 m 960px-Flag_of_Oman.svg.png Muscat
90%
2.03 m 960px-Flag_of_Chad.svg.png N'Djamena
90%
1.46 m 960px-Flag_of_Sierra_Leone.svg.png Freetown
88%
5.55 m 1280px-Flag_of_Nigeria.svg.png Kano
88%
1.33 m 960px-Flag_of_Morocco.svg.png Fez
87%
1.55 m 960px-Flag_of_Mauritania.svg.png Nouakchott
87%
1.57 m 960px-Flag_of_Kyrgyzstan.svg.png Bishkek
85%
5.15 m 960px-Flag_of_Bangladesh.svg.png Chittagong
85%
4.00 m 960px-Flag_of_Guinea.svg.png Conakry
85%
1.58 m 960px-Flag_of_Bahrain.svg.png Manama
85%
1.46 m 960px-Flag_of_Morocco.svg.png Tangier
85%
2.03 m 960px-Flag_of_Syria_%282025-%29.svg.png Aleppo
84%
2.80 m 960px-Flag_of_Kazakhstan.svg.png Almaty
84%
1.58 m 960px-Flag_of_Niger.svg.png Niamey
84%
3.55 m 960px-Flag_of_Burkina_Faso.svg.png Ouagadougou
84%
1.43 m 960px-Flag_of_Turkey.svg.png Antalya
81%
3.48 m 960px-Flag_of_Iran.svg.png Isfahan
81%
1.29 m 1280px-Flag_of_Tajikistan.svg.png Dushanbe
79%
1.67 m 960px-Flag_of_Algeria.svg.png Oran
79%
6.00 m 960px-Flag_of_Indonesia.svg.png Surabaya
78%
7.05 m 960px-Flag_of_Indonesia.svg.png Bandung
76%
1.75 m 960px-Flag_of_Iraq.svg.png Basra
76%
2.53 m 960px-Flag_of_Pakistan.svg.png Hyderabad
75%
3.53 m 960px-Flag_of_Iran.svg.png Mashhad
75%
1.58 m 960px-Flag_of_Iraq.svg.png Mosul
74%
3.00 m 960px-Flag_of_Saudi_Arabia.svg.png Dammam
72%
4.30 m 960px-Flag_of_Indonesia.svg.png Medan
72%
1.48 m 960px-Flag_of_Iran.svg.png Qom
72%
2.23 m 960px-Flag_of_Turkey.svg.png Bursa
69%
4.20 m 960px-Flag_of_Pakistan.svg.png Faisalabad
69%
1.30 m 960px-Flag_of_Morocco.svg.png Agadir
68%
1.77 m 960px-Flag_of_Turkey.svg.png Gaziantep
68%
2.00 m 960px-Flag_of_Iran.svg.png Tabriz
66%
1.24 m 960px-Flag_of_Iraq.svg.png Erbil‎
65%
1.58 m 960px-Flag_of_Russia.svg.png Kazan
63%
1.99 m 960px-Flag_of_Iran.svg.png Shiraz
63%
1.82 m 960px-Flag_of_Indonesia.svg.png Makassar
59%
1.24 m 960px-Flag_of_Russia.svg.png Ufa
57%
1.79 m 960px-Flag_of_Turkey.svg.png Adana
56%
1.42 m 960px-Flag_of_Turkey.svg.png Konya
54%
2.18 m 960px-Flag_of_Pakistan.svg.png Peshawar
54%
1.79 m 960px-Flag_of_Pakistan.svg.png Quetta
53%
1.42 m 960px-Flag_of_Kazakhstan.svg.png Shymkent
50%
1.79 m 960px-Flag_of_Indonesia.svg.png Yogyakarta
50%
2.48 m 960px-Flag_of_Pakistan.svg.png Multan
47%
3.58 m 960px-Flag_of_Pakistan.svg.png Gujranwala
44%
1.81 m 960px-Flag_of_Indonesia.svg.png Palembang
44%
1.37 m 960px-Flag_of_Senegal.svg.png Touba
43%
2.15 m 960px-Flag_of_Indonesia.svg.png Semarang
41%
1.71 m 960px-Flag_of_Indonesia.svg.png Surakarta
41%
1.58 m 960px-Flag_of_Iran.svg.png Ahvaz
40%
1.29 m 960px-Flag_of_Indonesia.svg.png Batam
37%
2.03 m 1280px-Flag_of_Nigeria.svg.png Kaduna
37%
1.48 m 960px-Flag_of_Indonesia.svg.png Bandar Lampung
37%
1.86 m 960px-Flag_of_India.svg.png Srinagar
35%
1.40 m 960px-Flag_of_Uzbekistan.svg.png Namangan
34%
1.77 m 960px-Flag_of_Indonesia.svg.png Malang
29%
1.23 m 960px-Flag_of_Indonesia.svg.png Cirebon
25%
1.25 m 960px-Flag_of_Indonesia.svg.png Serang
19%
1.27 m 960px-Flag_of_Indonesia.svg.png Karawang
15%
No matching quizzes found
Score Distribution
Percent of People with Each Score
Percentile by Number Answered
Your Score History
You have not taken this quiz